Funny-Frisch Chipsfrisch Sorten - Statistiken

Allgemein
  • Dieses Quiz wurde 259 mal gespielt
    94 seit der letzten Aktualisierung
  • Das Durchschnittsergebnis liegt bei 5 aus 10
Antwortstatistiken
Sorte % Korrekt
Ungarisch
83%
Currywurst Style
65%
Sour Cream
60%
Oriental
56%
Chakalaka
54%
Peperoni
49%
Gesalzen
42%
Zaziki Style
29%
Salt & Vinegar
26%
Chili Cheese Fries Style
8%
Keine übereinstimmenden Quizze gefunden
Verteilung der Resultate
Anzahl Personen mit jedem Resultat
Perzentil nach korrekt beantworteten Fragen
Ihre Resultats-Entwicklung
Sie haben dieses Quiz seit der letzten Aktualisierung nicht gespielt